000 00706nam a2200217 a 4500
001 62363
003 BD-RjUL
005 20211209081055.0
008 170123s2000 np a b 000 0 eng d
020 _z9993331006 :
035 _a(BD-RjUL)62489
040 _aDLC
_cDLC
_dBD-RjUL
_beng
041 _aeng
082 _223
_a327.060959
_bDEV 2000
245 0 0 _aDevelopment NGOs facing the 21st century :
_bperspectives from South Asia /
_cedited by Juha Vartola [ at all ]
260 _aKathmandu :
_bInstitute for Human Development,
_c2000.
300 _axix, 234 p. :
_bill. ;
_c25 cm.
650 0 _aNon-governmental organizations
_zSouth Asia.
_9185498
700 1 _aVartola, Juha
_9185499
942 _2ddc
_cBK
999 _c62363
_d62363